Diák művészek Jugoszláviában
Elmentve itt :
| Dokumentumtípus: | Cikk |
|---|---|
| Megjelent: |
1971-07-18
|
| Sorozat: | Délmagyarország
61 No. 168 |
| Kulcsszavak: | Tömörkény Gimnázium |
| Online Access: | http://dmarchiv.bibl.u-szeged.hu/117399 |
| LEADER | 00414nab a2200145 i 4500 | ||
|---|---|---|---|
| 001 | delm117399 | ||
| 005 | 20190417124322.0 | ||
| 008 | 190417s1971 hu o 0|| hun d | ||
| 040 | |a SZTE Délmagyarország Archívum |b hun | ||
| 041 | |a hun | ||
| 245 | 0 | 0 | |a Diák művészek Jugoszláviában |h [elektronikus dokumentum] |
| 260 | |c 1971-07-18 | ||
| 300 | |a 12 | ||
| 490 | 0 | |a Délmagyarország |v 61 No. 168 | |
| 695 | |a Tömörkény Gimnázium | ||